[Event "Thessaloniki White Tower op-A 44th"]
[Site "Thessaloniki"]
[Date "2024.01.03"]
[Round "2"]
[White "Sioulis, Stergios"]
[Black "Kesidis, Odyseas"]
[Result "0-1"]
[WhiteElo "1560"]
[BlackElo "2293"]
[PlyCount "72"]
[EventDate "2024.01.02"]
[EventType "swiss"]
[EventRounds "9"]
[EventCountry "GRE"]
[SourceTitle "CB02_2024"]
[SourceDate "2024.01.10"]
[SourceVersion "1"]
[SourceVersionDate "2024.01.10"]
[SourceQuality "1"]

1. d4 Nf6 2. c4 g6 3. Nc3 Bg7 4. e4 d6 5. Bd3 0-0 6. Nge2 Nc6 7. a3 e5 8. d5 Nd4 9. Bg5 h6 10. Bxf6 Bxf6 11. Nb5 c5 12. dxc6 bxc6 13. Nbxd4 exd4 14. 0-0 Rb8 15. Rb1 a5 16. f4 Re8 17. f5 Be5 18. fxg6 fxg6 19. Qd2 Kg7 20. Kh1 Bg4 21. Nf4 Rb7 22. h3 Bc8 23. Rf2 Rf8 24. Rbf1 Rbf7 25. Be2 Qg5 26. g3 Bxh3 27. Rg1 Bd7 28. Bd1 c5 29. Ba4 Bxf4 30. gxf4 Qh5+ 31. Rh2 Qf3+ 32. Rgg2 Bh3 33. Rxh3 Qxh3+ 34. Kg1 Rb7 35. Bc6 Rb3 36. Bd5 Rg3 0-1

[Event "Novi Sad TS Mix 223rd"]
[Site "Novi Sad"]
[Date "2021.11.18"]
[Round "4"]
[White "Zvereva, Margarita"]
[Black "Kesidis, Odyseas"]
[Result "0-1"]
[WhiteElo "2011"]
[BlackElo "2282"]
[PlyCount "86"]
[EventDate "2021.11.16"]
[EventType "swiss"]
[EventRounds "9"]
[EventCountry "SRB"]
[SourceTitle "CBM 205 Extra"]
[Source "ChessBase"]
[SourceDate "2022.01.31"]
[SourceVersion "1"]
[SourceVersionDate "2022.01.31"]
[SourceQuality "1"]

1. e4 c5 2. Nf3 Nc6 3. d4 cxd4 4. Nxd4 e5 5. Nb5 d6 6. N1c3 a6 7. Na3 Be7 8. Nc4 b5 9. Ne3 Nf6 10. a3 Be6 11. Bd3 Nd4 12. 0-0 0-0 13. Ncd5 Nd7 14. c3 Nc6 15. Nf5 Bxf5 16. exf5 Nf6 17. Qf3 Nxd5 18. Qxd5 Qc7 19. a4 b4 20. Qe4 Bf6 21. cxb4 Rfd8 22. b5 d5 23. Qg4 axb5 24. Bxb5 Nd4 25. Ra3 Nxb5 26. axb5 Qc5 27. Rg3 Ra1 28. Bg5 Rxf1+ 29. Kxf1 Ra8 30. Ra3 Qxb5+ 31. Ke1 Rxa3 32. bxa3 Qb1+ 33. Kd2 h5 34. Qh4 Qb2+ 35. Ke1 d4 36. Qxh5 Qb1+ 37. Kd2 Qxf5 38. f4 e4 39. Qe2 d3 40. Qe3 Qa5+ 41. Kd1 Qa4+ 42. Ke1 Bc3+ 43. Kf2 Bd4 0-1

[Event "Novi Sad TS Mix 223rd"]
[Site "Novi Sad"]
[Date "2021.11.16"]
[Round "1"]
[White "Kesidis, Odyseas"]
[Black "Pandey, Srishti"]
[Result "0-1"]
[WhiteElo "2282"]
[BlackElo "2066"]
[PlyCount "88"]
[EventDate "2021.11.16"]
[EventType "swiss"]
[EventRounds "9"]
[EventCountry "SRB"]
[SourceTitle "CBM 205 Extra"]
[Source "ChessBase"]
[SourceDate "2022.01.31"]
[SourceVersion "1"]
[SourceVersionDate "2022.01.31"]
[SourceQuality "1"]

1. e4 e5 2. Nf3 Nc6 3. Bc4 Bc5 4. c3 Nf6 5. d4 exd4 6. cxd4 Bb4+ 7. Nbd2 Nxe4 8. 0-0 Nxd2 9. Bxd2 Bxd2 10. Qxd2 Ne7 11. Qg5 0-0 12. Rfe1 Ng6 13. Bxf7+ Kxf7 14. Qd5+ Kf6 15. g4 Nh4 16. g5+ Kg6 17. Nxh4+ Kh5 18. Ng2 d6 19. f4 h6 20. Re3 c6 21. Qf3+ Bg4 22. Qg3 hxg5 23. Rae1 Qf6 24. fxg5 Qxg5 25. Qxd6 Rad8 26. Qb4 Qf6 27. Re5+ g5 28. Qd2 Bf3 29. Qe3 c5 30. h4 cxd4 31. Rxg5+ Kh6 32. Qc1 Kh7 33. Rf1 d3 34. Qc7+ Rf7 35. Qa5 Qb6+ 36. Qxb6 axb6 37. Ne3 d2 38. Nd1 Re8 39. Kh2 Re2+ 40. Kg3 Rg2+ 41. Kh3 Rxg5 42. hxg5 Bg4+ 43. Kg2 Rxf1 44. Kxf1 Bxd1 0-1

[Event "Novi Sad TS Mix 220th"]
[Site "Novi Sad"]
[Date "2021.11.07"]
[Round "8"]
[White "Rakshitta, Ravi"]
[Black "Kesidis, Odyseas"]
[Result "1-0"]
[WhiteElo "2172"]
[BlackElo "2282"]
[PlyCount "111"]
[EventDate "2021.11.02"]
[EventType "swiss"]
[EventRounds "10"]
[EventCountry "SRB"]
[SourceTitle "CBM 205 Extra"]
[Source "ChessBase"]
[SourceDate "2022.01.31"]
[SourceVersion "1"]
[SourceVersionDate "2022.01.31"]
[SourceQuality "1"]

1. e4 e5 2. Nf3 Nc6 3. Bb5 a6 4. Ba4 d6 5. 0-0 Nf6 6. Bxc6+ bxc6 7. d4 exd4 8. Qxd4 c5 9. Qd3 Be7 10. e5 Ng4 11. exd6 cxd6 12. Nc3 Nf6 13. Bg5 0-0 14. Rad1 Be6 15. b3 h6 16. Bxf6 Bxf6 17. Nd5 Bxd5 18. Qxd5 Qa5 19. a4 Rad8 20. Rfe1 Qc3 21. Re2 Rfe8 22. Red2 Re6 23. Qd3 Qxd3 24. Rxd3 c4 25. bxc4 Rc8 26. Rxd6 Rxc4 27. Rxe6 fxe6 28. Rd6 Rxa4 29. Rxe6 a5 30. g3 Rc4 31. Ra6 Bc3 32. Kf1 Bb4 33. Ra8+ Kh7 34. Ne1 h5 35. Nd3 Bd2 36. Ne1 Kg6 37. Nf3 Bc3 38. Rxa5 Bb2 39. Ra6+ Kf5 40. Nh4+ Ke5 41. Ra5+ Kf6 42. Rxh5 Rxc2 43. Rf5+ Ke6 44. Rf8 Bf6 45. Ng6 Ra2 46. h4 Kd5 47. h5 Ke6 48. Kg2 Ra4 49. Kh3 Ra1 50. Re8+ Kd5 51. Kg4 Bd4 52. Re2 Kc4 53. f4 Kd3 54. Re7 Rg1 55. Ne5+ Kc3 56. Nf3 1-0

[Event "Novi Sad TS Mix 220th"]
[Site "Novi Sad"]
[Date "2021.11.05"]
[Round "6"]
[White "Markovic, Miroslav"]
[Black "Kesidis, Odyseas"]
[Result "1/2-1/2"]
[WhiteElo "2302"]
[BlackElo "2282"]
[PlyCount "73"]
[EventDate "2021.11.02"]
[EventType "swiss"]
[EventRounds "10"]
[EventCountry "SRB"]
[SourceTitle "CBM 205 Extra"]
[Source "ChessBase"]
[SourceDate "2022.01.31"]
[SourceVersion "1"]
[SourceVersionDate "2022.01.31"]
[SourceQuality "1"]

1. e4 e5 2. Nc3 Nf6 3. Bc4 Nc6 4. d3 Na5 5. Nge2 Be7 6. Ng3 d6 7. h3 c6 8. Qf3 0-0 9. 0-0 Nxc4 10. dxc4 Be6 11. b3 Rc8 12. Rd1 b5 13. cxb5 cxb5 14. Nxb5 Rxc2 15. Bg5 Ne8 16. Bxe7 Qxe7 17. Nf5 Bxf5 18. Qxf5 Rc5 19. Na3 g6 20. Qf3 Nc7 21. Qd3 d5 22. b4 dxe4 23. Qxe4 Rc3 24. Nb1 f5 25. Qb7 Rc4 26. a3 Rd8 27. Nd2 Rcd4 28. Rdc1 R4d7 29. Nf1 Nd5 30. Qb5 Nf4 31. Rc3 e4 32. Rg3 Rd5 33. Qc4 Qf7 34. Rc3 Rd1 35. Rxd1 Rxd1 36. Qc8+ Qf8 37. Qc4+ 1/2-1/2

[Event "Novi Sad TS Mix 220th"]
[Site "Novi Sad"]
[Date "2021.11.03"]
[Round "2"]
[White "Asylov, Miras"]
[Black "Kesidis, Odyseas"]
[Result "0-1"]
[WhiteElo "2070"]
[BlackElo "2282"]
[PlyCount "138"]
[EventDate "2021.11.02"]
[EventType "swiss"]
[EventRounds "10"]
[EventCountry "SRB"]
[SourceTitle "CBM 205 Extra"]
[Source "ChessBase"]
[SourceDate "2022.01.31"]
[SourceVersion "1"]
[SourceVersionDate "2022.01.31"]
[SourceQuality "1"]

1. e4 e5 2. Nf3 Nc6 3. Bb5 a6 4. Ba4 d6 5. c3 Nf6 6. d4 Bd7 7. Nbd2 g6 8. 0-0 b5 9. Bb3 Bg7 10. Re1 0-0 11. h3 Nh5 12. Nf1 h6 13. Ng3 Nxg3 14. fxg3 exd4 15. cxd4 Na5 16. Bc2 c5 17. dxc5 dxc5 18. e5 Be6 19. Qe2 Qc7 20. g4 Rfe8 21. Bf4 Rad8 22. Kh1 Nc6 23. Qe3 Nd4 24. Be4 Nxf3 25. Bxf3 Kh7 26. Rad1 c4 27. a3 Bd5 28. Re2 Re6 29. Rde1 Bxf3 30. Qxf3 Rd3 31. Qf2 c3 32. bxc3 Rxc3 33. Re3 Qc5 34. Qf3 Rxe3 35. Rxe3 Kg8 36. Qa8+ Kh7 37. Qb7 Re7 38. Qf3 Qc4 39. Kh2 Rb7 40. Rc3 Qd4 41. Re3 Re7 42. Rd3 Qxf4+ 43. Qxf4 Bxe5 44. g3 Bxf4 45. gxf4 Rb7 46. Kg3 a5 47. Kf3 b4 48. axb4 axb4 49. Rb3 f5 50. gxf5 gxf5 51. Ke3 Re7+ 52. Kf3 Re4 53. Rd3 Kg6 54. Rd6+ Kg7 55. Rd7+ Kf6 56. Rb7 Ke6 57. Rb5 Rc4 58. h4 Rc3+ 59. Kg2 b3 60. Kf2 Rc2+ 61. Ke3 Rh2 62. Kd4 b2 63. Rb6+ Kd7 64. Ke5 Kc7 65. Rb3 Kc6 66. Kxf5 Kd5 67. Kg6 Kc4 68. Rb8 Kc3 69. f5 Rxh4 0-1

[Event "Novi Sad TS Mix 220th"]
[Site "Novi Sad"]
[Date "2021.11.02"]
[Round "1"]
[White "Kesidis, Odyseas"]
[Black "Sedlak, Nikola"]
[Result "1/2-1/2"]
[WhiteElo "2282"]
[BlackElo "2510"]
[PlyCount "90"]
[EventDate "2021.11.02"]
[EventType "swiss"]
[EventRounds "10"]
[EventCountry "SRB"]
[SourceTitle "CBM 205 Extra"]
[Source "ChessBase"]
[SourceDate "2022.01.31"]
[SourceVersion "1"]
[SourceVersionDate "2022.01.31"]
[SourceQuality "1"]

1. e4 e5 2. Nf3 Nc6 3. Bc4 Nf6 4. d4 exd4 5. e5 Ne4 6. Bd5 Nc5 7. 0-0 Be7 8. Nxd4 Nxd4 9. Qxd4 0-0 10. Nc3 c6 11. Bf3 d5 12. exd6 Qxd6 13. Qxd6 Bxd6 14. Ne4 Nxe4 15. Bxe4 Re8 16. Bd3 Be5 17. c3 Be6 18. Be3 Red8 19. Bc2 a5 20. a4 b5 21. Rad1 Rdb8 22. Be4 Ra6 23. axb5 cxb5 24. Bd5 h5 25. Rfe1 b4 26. cxb4 axb4 27. Bxe6 Rxe6 28. b3 Bc3 29. Bf4 Rxe1+ 30. Rxe1 Ra8 31. Rb1 Ra2 32. Be3 Kh7 33. h3 Kg6 34. g4 hxg4 35. hxg4 f5 36. gxf5+ Kxf5 37. Kg2 Ke4 38. Kg3 Ra1 39. Rxa1 Bxa1 40. Bc5 Bc3 41. Kg4 Kd3 42. Kf5 Kc2 43. Bxb4 Bxb4 44. Kg6 Bc3 45. b4 Kd3 1/2-1/2

[Event "GRE-chT2 48th"]
[Site "Thessaloniki"]
[Date "2021.10.09"]
[Round "6.6"]
[White "Kesidis, Odyseas"]
[Black "Brunello, Sabino"]
[Result "1/2-1/2"]
[WhiteElo "2249"]
[BlackElo "2499"]
[PlyCount "74"]
[EventDate "2021.10.05"]
[EventType "team-swiss"]
[EventRounds "7"]
[EventCountry "GRE"]
[SourceTitle "CBM 204 Extra"]
[Source "ChessBase"]
[SourceDate "2021.11.30"]
[SourceVersion "1"]
[SourceVersionDate "2021.11.30"]
[SourceQuality "1"]
[WhiteTeam "Florinas"]
[BlackTeam "Polygyrou ASO"]
[WhiteTeamCountry "GRE"]
[BlackTeamCountry "GRE"]

1. e4 e5 2. Nf3 Nc6 3. Bc4 Nf6 4. d4 exd4 5. 0-0 Nxe4 6. Re1 d5 7. Bxd5 Qxd5 8. Nc3 Qd7 9. Nxe4 Be7 10. Bg5 0-0 11. Bxe7 Qxe7 12. Nxd4 Nxd4 13. Qxd4 Rd8 14. Qc3 b6 15. Re3 c5 16. Rae1 Bb7 17. Ng3 Qg5 18. Re5 Qg6 19. Re7 Bc6 20. Qe5 h6 21. h4 Rd5 22. Qf4 Rd4 23. Qf5 Qxf5 24. Nxf5 Rd2 25. Rc7 Bd7 26. Ne3 Be6 27. f4 Bxa2 28. Ra1 Re8 29. Nf1 Rxc2 30. Rxa2 Ree2 31. g3 a5 32. Ra3 Rxb2 33. Rd3 Rg2+ 34. Kh1 Rgf2 35. Kg1 Rg2+ 36. Kh1 Rgf2 37. Kg1 Rg2+ 1/2-1/2

[Event "GRE-chT Online Rapid op 1st"]
[Site "Tornelo INT"]
[Date "2021.02.20"]
[Round "2.13"]
[White "Kesidis, Odyseas"]
[Black "Fragiadakis, Dimitrios"]
[Result "0-1"]
[WhiteElo "2249"]
[BlackElo "1943"]
[PlyCount "96"]
[EventDate "2021.02.20"]
[EventType "team-swiss (rapid)"]
[EventRounds "9"]
[EventCountry "GRE"]
[SourceTitle "EXT 2023"]
[Source "ChessBase"]
[SourceDate "2022.10.05"]
[SourceVersion "1"]
[SourceVersionDate "2022.10.05"]
[SourceQuality "1"]

1. e4 c5 2. Nf3 Nc6 3. Bb5 a6 4. Bxc6 bxc6 5. 0-0 g6 6. c3 Bg7 7. d4 cxd4 8. cxd4 Nf6 9. Nc3 0-0 10. e5 Nd5 11. Nxd5 cxd5 12. Bf4 Qb6 13. Qd2 d6 14. h3 Bf5 15. exd6 exd6 16. Bh6 Be4 17. Bxg7 Kxg7 18. Nh2 Bf5 19. Rac1 Rfe8 20. Rfe1 Re4 21. Rxe4 dxe4 22. Nf1 Rb8 23. b3 Qb4 24. Qe3 d5 25. Ng3 Be6 26. Qf4 a5 27. h4 h5 28. Ne2 Ra8 29. Qe5+ Kg8 30. Nf4 Re8 31. Nxe6 fxe6 32. Rc7 Qf8 33. Qg5 Qf5 34. Qh6 Qf6 35. Qh7+ Kf8 36. a3 Re7 37. Qxe7+ Qxe7 38. Rxe7 Kxe7 39. Kf1 Kd6 40. Ke2 e5 41. Ke3 Ke6 42. f3 exf3 43. gxf3 g5 44. hxg5 h4 45. dxe5 d4+ 46. Kf4 d3 47. g6 d2 48. g7 Kf7 0-1

[Event "Thessaloniki White Tower op 42nd"]
[Site "Thessaloniki"]
[Date "2020.01.07"]
[Round "9"]
[White "Kesidis, Odyseas"]
[Black "Ioannidis, Evgenios"]
[Result "0-1"]
[WhiteElo "2258"]
[BlackElo "2373"]
[PlyCount "78"]
[EventDate "2020.01.02"]
[EventType "swiss"]
[EventRounds "9"]
[EventCountry "GRE"]
[SourceTitle "EXT 2021"]
[Source "ChessBase"]
[SourceDate "2020.10.23"]
[SourceVersion "1"]
[SourceVersionDate "2020.10.23"]
[SourceQuality "1"]

1. e4 e6 2. d4 d5 3. Nd2 c5 4. exd5 Qxd5 5. Ngf3 cxd4 6. Bc4 Qd7 7. 0-0 Nc6 8. Nb3 a6 9. Nbxd4 Nxd4 10. Qxd4 Qxd4 11. Nxd4 Nf6 12. Rd1 b5 13. Be2 Bb7 14. a4 b4 15. Nb3 Be7 16. Be3 Be4 17. Rd2 Nd5 18. Bd4 0-0 19. Bc5 Rfc8 20. Rxd5 Bxd5 21. Bxe7 Rxc2 22. Nd4 Rxb2 23. Bd1 Rc8 24. Bg5 b3 25. f3 Ra2 26. Rb1 b2 27. Nc2 Bb3 28. Nb4 Ra1 29. Rxb2 Bxd1 30. Kf2 h6 31. Bd2 a5 32. Nd3 Bxa4 33. Ke3 Bc6 34. Ne5 Bd5 35. Rb5 a4 36. Ra5 a3 37. Ra7 a2 38. Nxf7 Rb1 39. Nd6 Ra8 0-1

[Event "Thessaloniki White Tower op 42nd"]
[Site "Thessaloniki"]
[Date "2020.01.03"]
[Round "3"]
[White "Kesidis, Odyseas"]
[Black "Stanojoski, Zvonko"]
[Result "1/2-1/2"]
[WhiteElo "2258"]
[BlackElo "2448"]
[PlyCount "98"]
[EventDate "2020.01.02"]
[EventType "swiss"]
[EventRounds "9"]
[EventCountry "GRE"]
[SourceTitle "CBM 194 Extra"]
[Source "ChessBase"]
[SourceDate "2020.03.31"]
[SourceVersion "1"]
[SourceVersionDate "2020.03.31"]
[SourceQuality "1"]

1. e4 c5 2. Nf3 Nc6 3. c3 Nf6 4. e5 Nd5 5. d4 cxd4 6. cxd4 e6 7. Bc4 Nb6 8. Bd3 Nb4 9. Bg5 f6 10. exf6 Nxd3+ 11. Qxd3 gxf6 12. Bd2 d5 13. 0-0 Nc4 14. Bf4 Bg7 15. b3 Nd6 16. Nc3 0-0 17. Rac1 a6 18. Rfe1 b5 19. a4 b4 20. Ne2 Ne4 21. Nd2 Nd6 22. Ng3 Rf7 23. Nh5 Ne8 24. Bg3 Bh6 25. Rc2 Bd7 26. Nf4 Ng7 27. Nf3 a5 28. Rc5 Qb6 29. Qc2 Rff8 30. Nd3 Rfc8 31. Qe2 Nf5 32. Rxc8+ Rxc8 33. Bf4 Bf8 34. Nc5 Bxc5 35. dxc5 Qxc5 36. h3 Ng7 37. Qa6 Rc6 38. Qa8+ Rc8 39. Qa6 Rc6 40. Qa8+ Ne8 41. Be3 Rc8 42. Qa6 Qd6 43. Qxa5 e5 44. Bd2 Rb8 45. Rc1 d4 46. Rc4 Be6 47. Rxb4 Bxb3 48. Rxb8 Qxb8 49. Bb4 Qc7 1/2-1/2

[Event "Thessaloniki Novidis op 8th"]
[Site "Thessaloniki"]
[Date "2019.06.20"]
[Round "7"]
[White "Papadopoulos, Panayotis"]
[Black "Kesidis, Odyseas"]
[Result "0-1"]
[WhiteElo "2137"]
[BlackElo "2229"]
[PlyCount "76"]
[EventDate "2019.06.14"]
[EventType "swiss"]
[EventRounds "7"]
[EventCountry "GRE"]
[SourceTitle "EXT 2020"]
[Source "ChessBase"]
[SourceDate "2019.10.17"]
[SourceVersion "1"]
[SourceVersionDate "2019.10.17"]
[SourceQuality "1"]

1. d4 Nf6 2. c4 e6 3. Nc3 Bb4 4. Qc2 0-0 5. a3 Bxc3+ 6. Qxc3 Ne4 7. Qc2 f5 8. Nh3 d6 9. f3 Nf6 10. e3 e5 11. dxe5 dxe5 12. Be2 Nc6 13. 0-0 a5 14. b3 a4 15. b4 Nd4 16. Qd1 Nb3 17. Rb1 Qe7 18. Nf2 Be6 19. Qc2 Rfd8 20. Rd1 Rxd1+ 21. Nxd1 c5 22. b5 f4 23. Rxb3 axb3 24. Qxb3 Qd6 25. Nf2 fxe3 26. Bxe3 b6 27. Bd3 Rd8 28. Be2 Bf5 29. a4 Nd7 30. g4 Bg6 31. h4 h5 32. gxh5 Bf5 33. Bg5 Re8 34. Ng4 e4 35. f4 e3 36. Nxe3 Qd4 37. Kf2 Nf6 38. Kf3 Qxe3+ 0-1

[Event "Thessaloniki Novidis op 8th"]
[Site "Thessaloniki"]
[Date "2019.06.17"]
[Round "4"]
[White "Kesidis, Odyseas"]
[Black "Tsikerdanos, Konstantinos"]
[Result "1-0"]
[WhiteElo "2229"]
[BlackElo "1885"]
[PlyCount "75"]
[EventDate "2019.06.14"]
[EventType "swiss"]
[EventRounds "7"]
[EventCountry "GRE"]
[SourceTitle "EXT 2020"]
[Source "ChessBase"]
[SourceDate "2019.10.17"]
[SourceVersion "1"]
[SourceVersionDate "2019.10.17"]
[SourceQuality "1"]

1. e4 e5 2. Nf3 Nc6 3. Bb5 a6 4. Ba4 Nf6 5. 0-0 Nxe4 6. d4 b5 7. Bb3 d5 8. dxe5 Be6 9. Nbd2 Nc5 10. c3 Bg4 11. h3 Bh5 12. Re1 Be7 13. Bc2 Ne6 14. Nf1 Bg6 15. Ng3 Bxc2 16. Qxc2 0-0 17. Rd1 Nb8 18. a4 b4 19. cxb4 c6 20. Bd2 Qb6 21. Qc3 g6 22. Ne2 Nd7 23. Nc1 Rac8 24. a5 Qb7 25. Nd3 c5 26. bxc5 Ndxc5 27. Nxc5 Nxc5 28. Qb4 Qd7 29. Qg4 Qb7 30. Bc3 Ne4 31. Bd4 Rc4 32. Rdc1 Rfc8 33. Qf4 R8c6 34. Rxc4 Rxc4 35. Rc1 Rxd4 36. e6 f6 37. Nxd4 Bd6 38. Qe3 1-0

[Event "Belgrade Trophy 32nd"]
[Site "Belgrade"]
[Date "2018.12.01"]
[Round "8"]
[White "Nestorovic, Katarina"]
[Black "Kesidis, Odyseas"]
[Result "0-1"]
[WhiteElo "2015"]
[BlackElo "2271"]
[PlyCount "142"]
[EventDate "2018.11.24"]
[EventType "swiss"]
[EventRounds "9"]
[EventCountry "SRB"]
[SourceTitle "CBM 187 Extra"]
[Source "ChessBase"]
[SourceDate "2018.11.04"]
[SourceVersion "1"]
[SourceVersionDate "2018.11.04"]
[SourceQuality "1"]

1. e4 e5 2. Bc4 Nc6 3. d3 Nf6 4. Nc3 Na5 5. Nge2 c6 6. Ng3 d6 7. 0-0 Be7 8. a3 Nxc4 9. dxc4 Be6 10. Qe2 0-0 11. h3 Qc7 12. Be3 Rfd8 13. Rfd1 h6 14. Rac1 a6 15. f3 b5 16. cxb5 axb5 17. Qf2 Rdb8 18. f4 b4 19. axb4 exf4 20. Qxf4 Rxb4 21. b3 Nd5 22. Nxd5 cxd5 23. c3 Rxb3 24. exd5 Bd7 25. Qe4 Bf6 26. Bd4 Bxd4+ 27. Qxd4 Ra4 28. Qe3 Raa3 29. Ne2 Bb5 30. Nd4 Qc5 31. Nc2 Qxe3+ 32. Nxe3 g6 33. Nc2 Ra2 34. Nd4 Rbb2 35. Nxb5 Rxb5 36. Rb1 Rc5 37. Rbc1 Kg7 38. c4 Re2 39. Rd3 f5 40. Kf1 Re4 41. Rdc3 Kf6 42. Kf2 Ke5 43. Kf3 g5 44. Re3 Ra5 45. Rce1 Ra3 46. Rxa3 Rxe1 47. Ra8 Rc1 48. Re8+ Kd4 49. Re6 Kc5 50. Rxh6 Rc3+ 51. Kf2 Rxc4 52. Rh5 Kxd5 53. Rxg5 Ke4 54. h4 Rc2+ 55. Ke1 d5 56. h5 Rc1+ 57. Ke2 Rh1 58. Rg3 Rxh5 59. Re3+ Kd4 60. Rd3+ Kc4 61. Rg3 Rh8 62. Kd2 Ra8 63. Rf3 Ra2+ 64. Kd1 d4 65. Rxf5 Kc3 66. Rd5 Rxg2 67. Rd8 Rg1+ 68. Ke2 Rg2+ 69. Kd1 Rh2 70. Rd7 Rh1+ 71. Ke2 d3+ 0-1

[Event "Belgrade Trophy 32nd"]
[Site "Belgrade"]
[Date "2018.11.29"]
[Round "6"]
[White "Damjanovic, Vuk"]
[Black "Kesidis, Odyseas"]
[Result "1-0"]
[WhiteElo "2053"]
[BlackElo "2271"]
[PlyCount "118"]
[EventDate "2018.11.24"]
[EventType "swiss"]
[EventRounds "9"]
[EventCountry "SRB"]
[SourceTitle "CBM 187 Extra"]
[Source "ChessBase"]
[SourceDate "2018.11.04"]
[SourceVersion "1"]
[SourceVersionDate "2018.11.04"]
[SourceQuality "1"]

1. d4 Nf6 2. Bg5 Ne4 3. Bf4 d6 4. Nd2 Nxd2 5. Qxd2 Nd7 6. e4 e5 7. dxe5 dxe5 8. Be3 Be7 9. Ne2 0-0 10. Ng3 Qe8 11. Nf5 Nf6 12. Nxe7+ Qxe7 13. f3 Rd8 14. Qf2 Be6 15. c3 Ne8 16. Be2 Nd6 17. 0-0 b6 18. Rfd1 a5 19. Bd3 f6 20. f4 exf4 21. Bxf4 Nf7 22. Bb5 Rxd1+ 23. Rxd1 Rd8 24. Rxd8+ Qxd8 25. Qd4 Qe7 26. Bc4 c5 27. Qd3 g5 28. Bg3 Kg7 29. Bxe6 Qxe6 30. Qd5 Qe8 31. b3 f5 32. Qxf5 Qd8 33. Qd5 Qf6 34. Qd3 g4 35. Qe3 h5 36. e5 Qe6 37. c4 h4 38. Bf4 Nd8 39. Qd3 Nc6 40. Qe4 Nd4 41. Bg5 h3 42. Bf6+ Kf8 43. gxh3 gxh3 44. Kf2 a4 45. Qa8+ Kf7 46. Qb7+ Ke8 47. Qb8+ Kd7 48. Qb7+ Ke8 49. Qa8+ Kf7 50. Qa7+ Kf8 51. Qg7+ Ke8 52. Qg6+ Kd7 53. Qh7+ Ke8 54. Qh5+ Kd7 55. b4 Kc6 56. Qg6 Qxc4 57. Qe4+ Qd5 58. Qxd5+ Kxd5 59. Bd8 Kc6 1-0

[Event "GRE-chT 46th"]
[Site "Rio Achaia"]
[Date "2018.07.13"]
[Round "5.14"]
[White "Kesidis, Odyseas"]
[Black "Karapiperis, Alexandros"]
[Result "1-0"]
[WhiteElo "2248"]
[BlackElo "1973"]
[PlyCount "77"]
[EventDate "2018.07.10"]
[EventType "team"]
[EventRounds "7"]
[EventCountry "GRE"]
[SourceTitle "CBM 185 Extra"]
[Source "ChessBase"]
[SourceDate "2018.07.29"]
[SourceVersion "1"]
[SourceVersionDate "2018.07.29"]
[SourceQuality "1"]
[WhiteTeam "Florence FL"]
[BlackTeam "Patras Shipping Company"]
[WhiteTeamCountry "GRE"]
[BlackTeamCountry "GRE"]

1. e4 d6 2. d4 Nf6 3. Nc3 e5 4. Nge2 Nbd7 5. g3 Be7 6. Bg2 c6 7. a4 a5 8. 0-0 0-0 9. h3 Nb6 10. g4 h5 11. g5 Ne8 12. h4 g6 13. f4 exf4 14. Nxf4 Ng7 15. b3 Ne6 16. Nxh5 gxh5 17. Qxh5 Ng7 18. Qh6 Qd7 19. d5 Qg4 20. dxc6 bxc6 21. Bb2 f6 22. gxf6 Rxf6 23. Rxf6 Bxf6 24. Qxf6 Be6 25. Rf1 Re8 26. Qg5 Nd7 27. Qxg4 Bxg4 28. Rf2 Re6 29. Ne2 Rh6 30. Nd4 Ne5 31. Bc3 Rxh4 32. Bxa5 Bh5 33. Nf5 Nxf5 34. exf5 Rd4 35. Rf1 Rd1 36. Bc3 Rxf1+ 37. Kxf1 Bd1 38. Bxe5 dxe5 39. Be4 1-0